|
|
|
|
| LEADER |
00000cam a2200000 a 4500 |
| 001 |
1/122901 |
| 008 |
210428m20162019gr | ||| |||| ||gre|| |
| 020 |
|
|
|a 9786188363113
|q (χαρτόδετο)
|
| 040 |
|
|
|a GR-MyUa
|b gre
|c GR-MyUa
|e AACR2
|
| 041 |
0 |
|
|a gre
|
| 082 |
7 |
|
|a 230
|2 (23)
|
| 100 |
1 |
|
|a Ψαρράκη-Γραμματά, Σοφία,
|e aut
|
| 245 |
1 |
0 |
|a Προσ-ευ-έχομαι /
|c Σοφία Ψαρράκη - Γραμματά.
|
| 260 |
|
|
|a Αθήνα :
|b [χ.ό.],
|c c2019.
|
| 300 |
|
|
|a 206 σ.:
|c 24 εκ.
|
| 650 |
|
0 |
|a Christianity
|x Miscellanea.
|
| 650 |
|
0 |
|a God (Christianity)
|
| 650 |
|
0 |
|a Theology and religion.
|
| 650 |
|
0 |
|a Religious Philosophies.
|
| 852 |
|
|
|a INST
|b CHIOS
|e 20210428
|h 230 ΨΑΡ
|p 005200039782
|q 005200039782
|t BK
|y 0
|
| 920 |
|
|
|a Ψαρράκη - Γραμματά
|b Σοφία
|y Χίος
|z 2021-03
|
| 970 |
|
|
|a Παροικάκη
|b Βασιλική
|z 28/04/2021
|